| 000 | 00907cam a2200217 4500 | ||
|---|---|---|---|
| 001 | WB3712-14 | ||
| 008 | 000000n2001 000 0 eng u | ||
| 035 | _a(Sirsi) u111526 | ||
| 245 | _aRetail giants braced for rent hikes | ||
| 260 | _c2001 | ||
| 490 |
_aIndependent _v19 March 2001, 17(1) |
||
| 520 | _aA survey of retailers by Donaldsons has revealed that leases on retail premises in prime locations have risen by 51% compared with the previous lease but that in the last year rent increases in these areas have be outstripped by those in less desirable locations. Donaldsons predicts that retail rents will continue to rise at 3% pa but that the rate may increase to 4%. | ||
| 590 | _aWB | ||
| 650 | _aPREMIER LOCATIONS | ||
| 650 | _aRETAIL LEASES | ||
| 650 | _aRETAIL PREMISES | ||
| 650 | _aRETAIL RENTS | ||
| 650 | _aRETAIL SECTOR | ||
| 690 | _aCOMMERICAL PROPERTY-MARKET | ||
| 942 | _n0 | ||
| 999 |
_c66462 _d66462 |
||